<?xml version="1.0" encoding="UTF-8"?>
<record
    xmlns:xsi="http://www.w3.org/2001/XMLSchema-instance"
    xsi:schemaLocation="http://www.loc.gov/MARC21/slim http://www.loc.gov/standards/marcxml/schema/MARC21slim.xsd"
    xmlns="http://www.loc.gov/MARC21/slim">

  <leader>00368    a2200133   4500</leader>
  <controlfield tag="005">20250716150452.0</controlfield>
  <datafield tag="020" ind1=" " ind2=" ">
    <subfield code="a">9987-9103-2-7</subfield>
  </datafield>
  <datafield tag="082" ind1=" " ind2=" ">
    <subfield code="a">332.042 BAK</subfield>
  </datafield>
  <datafield tag="100" ind1=" " ind2=" ">
    <subfield code="a">BAKAR, R. B</subfield>
  </datafield>
  <datafield tag="245" ind1=" " ind2=" ">
    <subfield code="a">International Finance</subfield>
  </datafield>
  <datafield tag="260" ind1=" " ind2=" ">
    <subfield code="a">Morogoro</subfield>
    <subfield code="b">First Contact Business and Risk Analysts </subfield>
    <subfield code="c">2013.</subfield>
  </datafield>
  <datafield tag="300" ind1=" " ind2=" ">
    <subfield code="a">xii,810p.: ill.; figures, tables</subfield>
    <subfield code="b">Index</subfield>
    <subfield code="c">27cm</subfield>
  </datafield>
  <datafield tag="942" ind1=" " ind2=" ">
    <subfield code="2">ddc</subfield>
    <subfield code="c">BKS</subfield>
  </datafield>
  <datafield tag="999" ind1=" " ind2=" ">
    <subfield code="c">6744</subfield>
    <subfield code="d">6744</subfield>
  </datafield>
  <datafield tag="952" ind1=" " ind2=" ">
    <subfield code="r">2025-07-16 15:08:13</subfield>
    <subfield code="l">0</subfield>
    <subfield code="o">332.042 BAK</subfield>
    <subfield code="p">MZA0003520</subfield>
    <subfield code="v">150000.00</subfield>
    <subfield code="w">2025-07-16</subfield>
    <subfield code="y">BKS</subfield>
    <subfield code="1">0</subfield>
    <subfield code="2">ddc</subfield>
    <subfield code="4">0</subfield>
    <subfield code="7">0</subfield>
    <subfield code="0">0</subfield>
    <subfield code="a">003</subfield>
    <subfield code="b">003</subfield>
    <subfield code="c">GEN</subfield>
    <subfield code="d">2025-06-27</subfield>
    <subfield code="e">Donation from NBAA</subfield>
    <subfield code="g">50000.00</subfield>
  </datafield>
  <datafield tag="952" ind1=" " ind2=" ">
    <subfield code="r">2025-07-16 15:08:13</subfield>
    <subfield code="l">0</subfield>
    <subfield code="o">332.042 BAK</subfield>
    <subfield code="p">MZA0003521</subfield>
    <subfield code="v">150000.00</subfield>
    <subfield code="w">2025-07-16</subfield>
    <subfield code="y">BKS</subfield>
    <subfield code="1">0</subfield>
    <subfield code="2">ddc</subfield>
    <subfield code="4">0</subfield>
    <subfield code="7">0</subfield>
    <subfield code="0">0</subfield>
    <subfield code="a">003</subfield>
    <subfield code="b">003</subfield>
    <subfield code="c">GEN</subfield>
    <subfield code="d">2025-06-27</subfield>
    <subfield code="e">Donation from NBAA</subfield>
    <subfield code="g">50000.00</subfield>
  </datafield>
  <datafield tag="952" ind1=" " ind2=" ">
    <subfield code="r">2025-07-16 15:08:13</subfield>
    <subfield code="l">0</subfield>
    <subfield code="o">332.042 BAK</subfield>
    <subfield code="p">MZA0003522</subfield>
    <subfield code="v">150000.00</subfield>
    <subfield code="w">2025-07-16</subfield>
    <subfield code="y">BKS</subfield>
    <subfield code="1">0</subfield>
    <subfield code="2">ddc</subfield>
    <subfield code="4">0</subfield>
    <subfield code="7">0</subfield>
    <subfield code="0">0</subfield>
    <subfield code="a">003</subfield>
    <subfield code="b">003</subfield>
    <subfield code="c">GEN</subfield>
    <subfield code="d">2025-06-27</subfield>
    <subfield code="e">Donation from NBAA</subfield>
    <subfield code="g">50000.00</subfield>
  </datafield>
</record>
